Acerca de las ventajas institucionales y sociales de los programas de cumplimiento : (Registro nro. 6099)
[ vista simple ]
| 000 -LEADER | |
|---|---|
| fixed length control field | 01213nab a22001937a 4500 |
| 003 - CONTROL NUMBER IDENTIFIER | |
| control field | OSt |
| 005 - DATE AND TIME OF LATEST TRANSACTION | |
| control field | 20260122074101.0 |
| 008 - FIXED-LENGTH DATA ELEMENTS--GENERAL INFORMATION | |
| fixed length control field | 190502c xxu||||| |||| 00| 0 spa d |
| 040 ## - CATALOGING SOURCE | |
| Transcribing agency | PJ |
| 100 ## - MAIN ENTRY--PERSONAL NAME | |
| Personal name | Crede, Natalia C. |
| 9 (RLIN) | 6867 |
| 245 10 - TITLE STATEMENT | |
| Title | Acerca de las ventajas institucionales y sociales de los programas de cumplimiento : |
| Remainder of title | el inicio de un compromiso ético en el ámbito empresarial / |
| Statement of responsibility, etc | Natalia C. Crede. |
| 260 ## - PUBLICATION, DISTRIBUTION, ETC. (IMPRINT) | |
| Place of publication, distribution, etc | Ciudad Autónoma de Buenos Aires : |
| Name of publisher, distributor, etc | Thomson Reuters La Ley, |
| Date of publication, distribution, etc | 2024. |
| 300 ## - PHYSICAL DESCRIPTION | |
| Extent | p. 11-23 |
| 505 ## - FORMATTED CONTENTS NOTE | |
| Formatted contents note | Sumario: I. Introducción.— II. Argentina: inicio hacia una cultura ética de los negocios. Ventajas en el aspecto social. Importancia de la adopción de programas de cumplimiento en el ámbito empresarial.— III. Minimización de los riesgos de responsabilidad de la empresa. Implicancias en el ámbito penal. Ventajas en el aspecto institucional.— IV. Conclusión.— V. Bibliografía |
| 505 ## - FORMATTED CONTENTS NOTE | |
| Title | ¿Te interesa el texto completo? Solicitalo al correo: koha@justierradelfuego.gov.ar |
| 650 #0 - SUBJECT ADDED ENTRY--TOPICAL TERM | |
| 9 (RLIN) | 343 |
| Topical term or geographic name as entry element | DERECHO PENAL |
| 773 0# - HOST ITEM ENTRY | |
| Host Biblionumber | 2729 |
| Host Itemnumber | 3180 |
| Place, publisher, and date of publication | Buenos Aires : LexisNexis, 2006- |
| Title | Revista de derecho penal y procesal penal. Nº 12 - Diciembre 2024 |
| International Standard Book Number | 9875920622 |
| 942 ## - ADDED ENTRY ELEMENTS (KOHA) | |
| Source of classification or shelving scheme | |
| Koha item type | Analítica Artículo de Revista |
No hay ítems disponibles.
